Základy správní vědy

Gespeichert in:
Bibliographische Detailangaben
1. Verfasser: Hendrych, Dušan
Format: Buch
Sprache:Tschechisch
Veröffentlicht: Praha Aleko 1992
Schriftenreihe:Prameny a nové proudy právní vědy
Schlagworte:
Tags: Tag hinzufügen
Keine Tags, Fügen Sie das erste Tag hinzu!

MARC

LEADER 00000nam a2200000 4500
001 c002359
005 20250929124341.7
020 |a 80-85341-30-1 
041 0 |a cze 
044 |a CZ 
245 1 0 |a Základy správní vědy  |c Dušan Hendrych 
264 1 |a Praha  |b Aleko  |c 1992 
300 |a 134 s. 
490 1 |a Prameny a nové proudy právní vědy 
830 0 |a Prameny a nové proudy právní vědy 
610 2 0 |a správa štátna 
610 2 0 |a predpisy právne 
610 2 0 |a štúdium vysokoškolské 
610 2 0 |a právo správne 
100 1 |a Hendrych, Dušan